| 000 | 00601cam a22001811 4500 | ||
|---|---|---|---|
| 082 |
_a598 _bBLA _cD |
||
| 100 | 1 |
_aOates, Eugene William, _950199 |
|
| 245 | 1 | 0 |
_aBirds. _cBy Eugene W. Oates. |
| 260 |
_aLondon, _bTaylor and Francis; [etc., etc.] _c1889-98. |
||
| 300 |
_a4 v. _billus. _c24 cm. |
||
| 500 | _aVols. 3-4 by W. T. Blanford. | ||
| 505 | 2 | _a"List of the principal works quoted in the synonymy" : v. 4, p. [vii]-xiii. | |
| 526 |
_a0 _b0 _c0 _d598_000000000000000_BLA |
||
| 650 | 0 |
_aBirds _zIndia. _950200 |
|
| 650 | 0 |
_aMCE _9379 |
|
| 700 | 1 |
_aBlanford, William Thomas, _950008 |
|
| 942 |
_2ddc _cBK |
||
| 999 |
_c552921 _d552921 |
||